El Modernisme / [autora: Agnés Dal Maschio Eisele ; fotografies: Colita ... [et al.] Agnés Dal Maschio Eisele ; fotografies:

per Dal Maschio Eisele, Agnés

ISBN: 84-7826-553-8
Publicat: [S.l.] : Consell Comarcal del Baix Llobregat , 1994
Descripció física: 31 p. : il., col. ; 30 cm
Altres autors: Colita, 1940-2023

MARC

LEADER 00000nam a2200000Ia 4500
001 12665
008 160829s1994 xx 000 0 cat d
020 |a 84-7826-553-8 
080 |a FU-29-7 
100 |a Dal Maschio Eisele, Agnés  |9 27251 
245 |a El Modernisme / [autora:  |b  Agnés Dal Maschio Eisele ; fotografies:  |b  Colita ... [et al.] 
260 |a [S.l.] :  |b Consell Comarcal del Baix Llobregat,  |c 1994 
300 |a 31 p. :  |b  il., col. ;  |c 30 cm 
490 |a Descobrim el Baix Llobegat ; 1 
590 |a Amb la col·laboració de: Universitat de Barcelona, Departament de Didàctica de les Ciències Socials ; Centre d'Estudis Comarcals del Baix Llobregat 
650 |a Modernisme (Arquitectura)  |x Baix Llobregat  |9 27252 
700 |a Colita,  |d 1940-2023  |e fotografies  |9 21005 
710 1 |a Baix Empordà (Catalunya).  |b Consell Comarcal  |9 51460 
901 |a Arxiu 
942 |n 1  |2 udc 
952 |0 0  |1 0  |4 0  |6 FU297  |7 1  |9 44329  |a Arxiu  |b Arxiu  |d 2016-12-01  |l 0  |o FU-29-7  |p 12665  |r 2016-12-01 00:00:00  |w 2016-12-01  |y ARXIU 
999 |c 46910  |d 46910